000
00292nam a22001337a 4500
008
171004b xxu||||| |||| 00| 0 eng d
020
_a
9781429238267
041
_a
eng
080
_a
159.9
100
_a
48
101
_a
psi
245
_a
EXPLORING PSYCHOLOGY
_c
MYERS.D.G
942
_2
udc
_c
BK
999
_c
31753
_d
31753